[Event "CZE-chT2A 1112"]
[White "Vybiral, Zdenek"]
[Black "Mikouev, Erendzen"]
[Site "Czech Republic"]
[Round "3"]
[Result "0-1"]
[Date "2011.11.20"]
[WhiteElo "2178"]
[BlackElo "2252"]
[PlyCount "84"]
[EventDate "2011.10.09"]
[EventType "team-tourn"]
[EventRounds "11"]
[EventCountry "CZE"]
[SourceTitle "EXT 2013"]
[Source "ChessBase"]
[SourceDate "2012.11.22"]
[SourceVersion "1"]
[SourceVersionDate "2012.11.22"]
[SourceQuality "1"]
[WhiteTeam "Ceske Budejovice"]
[BlackTeam "Praha Dukla"]
[WhiteTeamCountry "CZE"]
[BlackTeamCountry "CZE"]

1. d4 Nf6 2. c4 g6 3. Nc3 d5 4. cxd5 Nxd5 5. e4 Nxc3 6. bxc3 Bg7 7. Qa4+ Bd7 8. Qb3 0-0 9. Be3 c5 10. d5 Qa5 11. Rc1 Ba4 12. Qa3 Nd7 13. Be2 b5 14. Bd2 Rac8 15. Rb1 Qc7 16. Nf3 Nf6 17. 0-0 c4 18. Bd1 Nxe4 19. Bxa4 Nxd2 20. Nxd2 bxa4 21. Rfe1 Be5 22. Nf3 Bf6 23. Red1 Qc5 24. Qxa4 Bxc3 25. Rb7 Bf6 26. g4 c3 27. Qc2 Rfd8 28. g5 Bxg5 29. Nxg5 Rxd5 30. Ne4 Rxd1+ 31. Qxd1 c2 32. Qc1 Qd5 33. Nd2 Qxb7 34. Nb3 Qd5 35. h3 Qd1+ 36. Kg2 Qxc1 37. Nxc1 Rd8 38. Kf3 Rd1 39. Nb3 Rd3+ 40. Ke2 Rxb3 41. Kd2 Rb2 42. Kc1 Rxa2 0-1